000 00449pab a2200145 454500
008 180718b2005 xxu||||| |||| 00| 0 eng d
100 _aChen, Yiu Por
245 _aSkill-sorting, self-selectivity, and immigration policy regime change: two surveys of Chinese graduate students' intention to study Abroad
260 _c2005
300 _ap.66-70.
362 _aMay
650 _aImmigration
773 _aAmerican Economic Review
909 _a68069
999 _c68069
_d68069